000 00608nam a2200229Ia 4500
003 OSt
005 20221007065311.0
006 a|||||r|||| 00| 0
007 ta
008 221006b |||||||| |||| 00| 0 eng d
024 _a16,831
037 _cTextual
040 _aFLL
_cFLL
_beng
041 _2eng
_aeng
082 _aZ2,2673, P1
100 _aKoul A.K. Au.
_9683875
245 0 _aLaw of intellectual property rights
260 _aDelhi
_bUniversity of Delhi India
_c2001
300 _a316p
_ccm.
942 _hZ2,2673, P1
_cTEXL
_2CC
999 _c1136916
_d1136916